|
|
|
|
| LEADER |
00000nam0a2200000 4500 |
| 001 |
156216 |
| 005 |
20231031152955.0 |
| 010 |
|
|
|a 5020167711
|
| 020 |
|
|
|a RU
|b 90-73261
|
| 035 |
|
|
|a (RuTPU)RU\TPU\book\169428
|
| 090 |
|
|
|a 156216
|
| 100 |
|
|
|a 20090324d1990 m y0rusy5003 ca
|
| 101 |
2 |
|
|a rus
|c ger
|
| 102 |
|
|
|a RU
|
| 105 |
|
|
|a y z 001ay
|
| 200 |
1 |
|
|a Мифы, предания, сказки хантов и манси
|e Пер. с хантыйского, мансийского, нем. яз.
|f Академия наук СССР (АН СССР), Институт востоковедения (ИВ) ; сост., автор предисл. и примеч. Н. В. Лукина
|
| 210 |
|
|
|a Москва
|c Наука
|d 1990
|
| 215 |
|
|
|a 567,[1] с.
|c ил.
|d 22 см
|
| 225 |
1 |
|
|a Сказки и мифы народов Востока
|
| 320 |
|
|
|a Библиогр.: с. 560-564 (136 назв.). Библиогр. в примеч.: с. 507-551
|
| 610 |
1 |
|
|a Легенды и предания хантыйские
|
| 610 |
1 |
|
|a Легенды и предания мансийские
|
| 675 |
|
|
|a 894.5
|z rus
|
| 702 |
|
1 |
|a Лукина
|b Надежда Васильевна
|4 220
|
| 712 |
0 |
2 |
|a Академия наук СССР (АН СССР)
|b Институт востоковедения (ИВ)
|c (Москва)
|2 stltpush
|3 (RuTPU)RU\TPU\col\11263
|
| 801 |
|
0 |
|a RU
|b RuMRKP
|c 19960705
|g psbo
|
| 801 |
|
1 |
|a RU
|b 63413507
|c 20090324
|g PSBO
|
| 801 |
|
2 |
|a RU
|b 63413507
|c 20090324
|g PSBO
|
| 942 |
|
|
|c BK
|